00822nam a22002535i 450000100060000000300090000600500170001500700030003200800410003502000180007604000220009408000210011610000280013724501320016525000280029726000350032530000220036049000320038250000460041470000220046070000210048283000320050385200330053516655ES-MaACL20230906151353.0t|001020s1997 sp ||||0| spa j a84-7517-493-0 aM-BN bspa cM-BN a821.112.2-21"18"1 aHölderlin, Friedrich.10aEmpédocles / cFriedrich Hölderlin ; presentación, traducción y notas de Anacleto Ferrer ; prólogo de Michael Knaupp. aEd. bilingüe, 1ª ed. aMadrid : bHiperión, c1997. a373 p. ; c20 cm.1 aPoesía Hiperión ; v286 aTexto alemán y traducción española.1 aFerrer, Anacleto.1 aKnaupp, Michael.0 aPoesía Hiperión ; v286 aES-MaACLjL-23704 bR.128869